A-Z cities by pictures #2 - Statistics

General Stats
  • This quiz has been taken 21 times
  • The average score is 11 of 25
Answer Stats
Picture Answer % Correct
London
95%
Paris
95%
Washington DC
80%
Brussels
75%
Cape Town
65%
Zurich
60%
Delhi
50%
Alexandria
45%
Frankfurt
45%
Jeddah
45%
Mexico City
45%
Naples
45%
Guangzhou
40%
Islamabad
40%
Xiamen
40%
Houston
25%
Kolkata
25%
Riyadh
25%
Vancouver
25%
Yokohama
25%
Edmonton
20%
Seoul
20%
Tashkent
20%
Ottawa
15%
Urumqi
5%
No matching quizzes found
Score Distribution
Percent of People with Each Score
Percentile by Number Answered
Your Score History
You have not taken this quiz